| 000 | 00676nam a2200229 4500 | ||
|---|---|---|---|
| 001 | 35875 | ||
| 003 | BD-RjUL | ||
| 005 | 20251006105455.0 | ||
| 008 | 140610s1964 enk 000 0 eng d | ||
| 035 | _a(BD-RjUL)35971 | ||
| 040 |
_aSOI _cSOI _dm/c _dZCU _dBD-RjUL _beng |
||
| 041 | _aeng | ||
| 082 |
_a320.1 _bGOJ 1964 |
||
| 099 |
_a192L79 _aDG7 |
||
| 100 | 1 |
_aGough, J. W. _q(John Wiedhofft) _9109257 |
|
| 245 | 1 | 0 |
_aJohn Locke's political philosophy : _beight studies / _cGough, J. W. |
| 260 |
_aOxford : _bClarendon Press, _c1964. |
||
| 300 |
_avii, 204 p. ; _c20 cm. |
||
| 504 | _aBibliographical footnotes. | ||
| 600 | 1 | 0 |
_aLocke, John, _d1632-1704. _917037 |
| 942 |
_2ddc _cBK |
||
| 999 |
_c35875 _d35875 |
||